000 00368nam a2200157Ia 4500
003 OSt
005 20240318142729.0
008 170524s9999 xx 000 0 und d
020 _a 978-9332542228
040 _cIIMTU MEERUT
100 _aRobbins - stephen P.
245 0 _aOrganizational Behavier
260 _bPearson Education
260 _c2003
942 _2ddc
_c02
999 _c6548
_d6548